=LDR 00000nam 2200000 4500 =001 INLIS000000000022551 =005 20130612121310 =008 ***********************************Ind** =035 ##$$0010-061300000022551 =041 ##$$a Ind =082 ##$$a 745.925 =090 ##$$a 745.925, Tua-t =100 ##$$a Tualaka, Yacop =245 ##$$a Teknik seni merangkai janur dan bunga, Yacop Tualaka =260 ##$$a 2003 $b Yogyakarta =300 ##$$a 186 hlm., ilus, 20 cm =650 ##$$a Merangkai bunga-seni =850 ##$$a NBPNMAT